000 00386nam a2200145Ia 4500
008 260417s2024 xx 000 0 und d
041 _aeng
082 _a615.19/RAJ
_bDI-1369
100 _aV.N.RAJE
245 _aPHARMA SUCCESS AN EXCELLENT KEY TO ACHIEVE
250 _a1ST ed
260 _aPUNE
_b2024
_bCBS PUB AND DISTRI BUTERS PVT LTD
300 _aP.B.440p
650 _aGENERAL
999 _c1220680
_d1220680